Syriac influence on the style of the Kur'ān /

محفوظ في:

المؤلف الرئيسي: Mingana, Alphonse, 1881-1937 (مؤلف)

التنسيق: كتاب

اللغة: English

منشور في: Manchester : The University Press, 1927.

الموضوعات:

الوسوم: إضافة وسم

لا توجد وسوم, كن أول من يضع وسما على هذه التسجيلة!

رقم الطلب: BP127 .S9 M91 1927

LEADER 00850namaa2200253 4500
001 21957
003 OSt
005 20250924084257.0
008 130303s1927 enk 000 0 eng d
040 |c ARCE Library 
050 4 |a BP127 .S9 M91 1927 
100 1 |a Mingana, Alphonse,  |d 1881-1937,  |e author  |9 36030 
245 1 0 |a Syriac influence on the style of the Kur'ān /  |c By A. Mingana, D. D. 
264 1 |a Manchester :   |b The University Press,   |c 1927. 
300 |a 24 pages ;   |c 26 cm. 
500 |a Reprinted from "The Bulletin of the John Rylands Library," vol. 11, no. 1, January 1927. 
504 |a Bibliographical foot-notes.  
555 |a wafaa.lib 
630 0 0 |a Qur'an. 
650 0 |a Literature, Comparative   |x Syriac and Arabic. 
650 0 |a Literature, Comparative   |x Arabic and Syriac. 
901 |a reviewed 
942 |c BK  |2 lcc 
999 |c 21563  |d 21563